000 00468nam a2200169Ia 4500
003 LK-CoDNM
005 20240801092523.0
008 010623t1920 xxu||||| |||| 00| 1 eng d
040 _aLK-CoDNM
_dLK-CoDNM
_eLK-CoDNM
041 _aeng
_afra
080 _a8
_bM9
100 _aLanman,Charles Rockwell.
245 _aA Sanskrit Reader : Text and Vocabulary and notes
260 _bHarvard University Press
_aCambridge
_c1920
300 _bxx, 405p ; 25 cm
942 _cBK
999 _c89945
_d89945